<?xml version="1.0" encoding="UTF-8"?>
<record
    xmlns:xsi="http://www.w3.org/2001/XMLSchema-instance"
    xsi:schemaLocation="http://www.loc.gov/MARC21/slim http://www.loc.gov/standards/marcxml/schema/MARC21slim.xsd"
    xmlns="http://www.loc.gov/MARC21/slim">

  <leader>02402nam a22002417a 4500</leader>
  <controlfield tag="005">20251027150628.0</controlfield>
  <controlfield tag="008">251027b        |||||||| |||| 00| 0 eng d</controlfield>
  <datafield tag="040" ind1=" " ind2=" ">
    <subfield code="a">CGIP0055</subfield>
    <subfield code="c">CGIP0055</subfield>
    <subfield code="e">RDA</subfield>
  </datafield>
  <datafield tag="082" ind1=" " ind2=" ">
    <subfield code="a">379. 24 729.93 I59a</subfield>
  </datafield>
  <datafield tag="110" ind1=" " ind2=" ">
    <subfield code="a"> Instituto Dominicano de Evaluaci&#xF3;n e Investigaci&#xF3;n de la Calidad Educativa (IDEICE),</subfield>
  </datafield>
  <datafield tag="245" ind1=" " ind2=" ">
    <subfield code="a">AN&#xC1;LISIS INTEGRAL DEL ANALFABETISMO EN LA REP&#xDA;BLICA DOMINICANA (2016-2024)</subfield>
  </datafield>
  <datafield tag="300" ind1=" " ind2=" ">
    <subfield code="a">60p</subfield>
  </datafield>
  <datafield tag="505" ind1=" " ind2=" ">
    <subfield code="a">El presente estudio analiza, desde una perspectiva hol&#xED;stica, la evoluci&#xF3;n del analfabetismo en la Rep&#xFA;blica Dominicana entre 2016 y 2024, utilizando microdatos de las encuestas nacionales Enhogar y ENCFT, y aportando informaci&#xF3;n representativa y desagregada por zonas urbanas y rurales, grupos etarios, sexo, regiones y niveles socioecon&#xF3;micos. Los resultados muestran una mejora gradual en la tasa de analfabetismo de la poblaci&#xF3;n de 15 a&#xF1;os y m&#xE1;s, con una reducci&#xF3;n significativa en las &#xE1;reas urbanas (de 5.8 % en 2016 a 4.7 % en 2024) y un estancamiento relativo en las zonas rurales, donde las tasas se han mantenido elevadas. Se identifican brechas importantes por edad y condici&#xF3;n socioecon&#xF3;mica, destacando mayores niveles de analfabetismo en adultos mayores, personas residentes en zonas rurales y hogares de bajos ingresos. Estos hallazgos resaltan la necesidad de fortalecer programas de alfabetizaci&#xF3;n enfocados en poblaciones vulnerables, especialmente adultos en zonas rurales, mediante estrategias educativas adaptadas a sus condiciones particulares. La focalizaci&#xF3;n en segmentos socioecon&#xF3;micos bajos y la integraci&#xF3;n de acciones que consideren las desigualdades territoriales y demogr&#xE1;ficas son esenciales para avanzar hacia la erradicaci&#xF3;n del analfabetismo en el pa&#xED;s.</subfield>
  </datafield>
  <datafield tag="650" ind1=" " ind2=" ">
    <subfield code="a">Analfabetismo--Rep&#xFA;blica Dominicana, pol&#xED;ticas educativas--Rep&#xFA;blica Dominicana, desarrollo humano, exclusi&#xF3;n social, Educaci&#xF3;n Secundaria--Rep&#xFA;blica Dominicana; formaci&#xF3;n vocacional; alfabetizaci&#xF3;n en escuelas laborales; evaluaci&#xF3;n de adultos--Rep&#xFA;blica Dominicana.</subfield>
  </datafield>
  <datafield tag="700" ind1=" " ind2=" ">
    <subfield code="a"> Noel Rolando Rodr&#xED;guez, </subfield>
  </datafield>
  <datafield tag="700" ind1=" " ind2=" ">
    <subfield code="a"> Noel Franki Trinidad</subfield>
  </datafield>
  <datafield tag="700" ind1=" " ind2=" ">
    <subfield code="a"> Jos&#xE9; Mar&#xED;a Suriel Rodr&#xED;guez,</subfield>
  </datafield>
  <datafield tag="700" ind1=" " ind2=" ">
    <subfield code="a"> Moreno, Marcela Gertrudis</subfield>
  </datafield>
  <datafield tag="700" ind1=" " ind2=" ">
    <subfield code="a"> Hern&#xE1;ndez, Dioel</subfield>
  </datafield>
  <datafield tag="700" ind1=" " ind2=" ">
    <subfield code="a"> V&#xE1;squez, Ricardo Jos&#xE9;</subfield>
  </datafield>
  <datafield tag="856" ind1=" " ind2=" ">
    <subfield code="u">https://ideice.gob.do/documentacion/publicaciones-msg-set-id-1</subfield>
  </datafield>
  <datafield tag="942" ind1=" " ind2=" ">
    <subfield code="2">ddc</subfield>
    <subfield code="c">LIB</subfield>
    <subfield code="n">0</subfield>
  </datafield>
  <datafield tag="999" ind1=" " ind2=" ">
    <subfield code="c">14621</subfield>
    <subfield code="d">14621</subfield>
  </datafield>
  <datafield tag="952" ind1=" " ind2=" ">
    <subfield code="0">0</subfield>
    <subfield code="1">0</subfield>
    <subfield code="2">ddc</subfield>
    <subfield code="4">0</subfield>
    <subfield code="7">0</subfield>
    <subfield code="a">RI</subfield>
    <subfield code="b">RI</subfield>
    <subfield code="d">2025-10-27</subfield>
    <subfield code="l">0</subfield>
    <subfield code="r">2025-10-27 12:52:14</subfield>
    <subfield code="u">https://ideice.gob.do/documentacion/publicaciones-msg-set-id-1</subfield>
    <subfield code="w">2025-10-27</subfield>
    <subfield code="y">LIB</subfield>
  </datafield>
</record>
